| 000 | 00719cam a2200241 4500 | ||
|---|---|---|---|
| 999 |
_c129403 _d129403 |
||
| 005 | 20170825112918.0 | ||
| 008 | 170825 1982 sp |||||| |||| ||spa | ||
| 020 | _a842067012X | ||
| 050 | 4 |
_aN6465.M7 _bS33 1982 |
|
| 100 | 1 | _aSchmutzler, Robert | |
| 245 | 1 | 3 |
_aEl Modernismo / _cRobert Schmutzler ; vers. cast. de Felipe Ramírez Carro ; rev. por Emilio Álvarez. |
| 250 | _a1a ed. | ||
| 260 |
_aMadrid : _bAlianza, _c1982 |
||
| 300 |
_a209 p. : _bil. ; _c23 cm. |
||
| 490 | 0 |
_aAlianza Forma ; _v12 |
|
| 500 | _a | ||
| 504 | _aIncluye bibliografía e índice | ||
| 505 | _a | ||
| 650 | 4 |
_aArte Moderno _xSiglo XIX |
|
| 700 | 1 |
_aRamirez Carro, Felipe, _etr. |
|
| 700 | 1 |
_aAlvarez, Emilio, _erev. |
|
| 942 |
_2lcc _cLIB |
||